| 000 | 01375nam a2200361 c 4500 | ||
|---|---|---|---|
| 003 | BLK | ||
| 005 | 20250409151334.0 | ||
| 008 | 180412b bul|||||r ||||||| ||bul|| | ||
| 010 | _aKNG00005562000 | ||
| 040 | _aBLK | ||
| 041 |
_aBUL _cBUL |
||
| 080 |
_aАмериканска литература (на САЩ) _b821.111(73) _x-312.4 _z821.111(73)-312.4 |
||
| 100 | 1 |
_aКланси, Том _eпърви автор _979533 |
|
| 139 |
_aКланси, Том _bК 63 |
||
| 245 | 1 | 0 |
_aВсички страхове _bКримин. роман : Кн. 1 - _cТом Кланси; прев. от англ. Петко Петков. _nКн. 1 |
| 257 | _aUSA | ||
| 260 |
_aСофия _bАтика _c1994 |
||
| 300 |
_a463 с. _c20 см |
||
| 380 | _aX | ||
| 490 | _aПоредица Международни бестселъри Crime Mystery | ||
| 500 | _aОриг. загл. The Sum of All Fears / Tom Clancy. - Офс. изд. | ||
| 653 | _aтрилъри | ||
| 653 | _aромани | ||
| 700 | 1 |
_aПетков, Петко _eпрев. от англ. _9363350 |
|
| 760 | 1 |
_aКланси, Том _d1994 _h463 с. _n12 000 тир. _tКн. 1 |
|
| 852 |
_aЦб 179327 _bЦб |
||
| 856 | 4 |
_qpdf _u |
|
| 856 | 4 |
_qpdf _u |
|
| 942 |
_cKNG _n0 _012 |
||
| 944 |
_aCR _c15.01.2003 _lЦветомила Тодорова _k30576 |
||
| 944 |
_aED _c13.05.2005 _lф / |
||
| 999 |
_c4420 _d4420 |
||
| 999 | _d4420 | ||